000 00722 a2200217 4500
999 _c6322
_d6322
020 _a9780078205187
050 _aZ52.5M5202000
100 _aOber, Scot
_eauthor
245 _aMicrosoft Word 2000 manual for Gregg college keyboarding & document processing for Windows. Lessons 1-120 /
_cScot Ober[et...al]
250 _a8th ed
264 _aNew York, N.Y.:
_bGlencoe McGraw-Hill,
_cc2000
300 _a160p. :
500 _aincludes index
650 _a Microsoft Word.
700 _aHanson Robert N
_eauthor
700 _aJohnson Jack E
_eauthor
700 _aRice Arlene
_eauthor
700 _aPoland Robert P
_eauthor
700 _aRossetti Albert D
_eauthor
942 _2lcc
_cBK
_hZ52.5M520
_iOBE
_kZ